Appraiser News

Bibliographic Details
Format: Book
Language:English
Published: Chicago : Appraisal Institute , 1993
Subjects:

MARC

LEADER 00000cam a2200000 7i4500
001 0000018963
005 20090107.0
008 081129s a eng
022 0 |a 1054 - 5999 
040 |a INS 
090 0 0 |a HD1387   |b A62 
245 0 0 |a Appraiser News 
260 |a Chicago :   |b Appraisal Institute ,   |c 1993 
300 |a 1 v. (Various pagings) :   |b ill. ;   |c 28cm. 
650 0 0 |a Real estate business 
650 0 0 |a Valuation   |x Data processing 
999 |a SER0000296   |b BOOK   |c Open Shelf   |e Default branch 
999 |a SER0001567   |b BOOK   |c Open Shelf   |e Default branch 
999 |a SER0001568   |b BOOK   |c Open Shelf   |e Default branch 
999 |a SER0001570   |b BOOK   |c Open Shelf   |e Default branch